[Event "AUTO-INT-2681"]
[Site "http://www.queenalice.com/game.php?id=1200258"]
[Date "2013.7.16"]
[Round "1"]
[White "Cubanauta"]
[Black "bg"]
[Result "1-0"]
[WhiteElo "1719"]
[BlackElo "1834"]

1. d4 d5 2. c4 e6 3. cxd5 exd5 4. a3 Nc6 5. h3 Nf6 6. Bg5 Be7 7. Nc3 O-O 8. e3
Be6 9. Nf3 Ne4 10. Bxe7 Qxe7 11. Bb5 Na5 12. Nxe4 dxe4 13. Nd2 f5 14. b4 a6 15.
Ba4 b5 16. Bc2 Nc4 17. Nxc4 Bxc4 18. Bb3 Rad8 19. Rc1 Qf7 20. Bxc4 bxc4 21. Qe2
Qg6 22. O-O f4 23. Qxc4+ Kh8 24. Qxc7 f3 25. g3 Rd5 26. Qb7 h6 27. Rc6 Qf5 28.
g4 Qg5 29. Rc5 Rfd8 30. Qxa6 h5 31. Rxd5 Rxd5 32. Qc8+ Kh7 33. a4 Qg6 34. Kh1
Qg5 35. b5 hxg4 36. Qxg4 Qe7 37. Rg1 Rd7 38. a5 Rd6 39. Qf5+ Kh8 40. b6 Rf6 41.
Qd5 1-0

[Event "AUTO-INT-2681"]
[Site "http://www.queenalice.com/game.php?id=1200259"]
[Date "2013.7.16"]
[Round "1"]
[White "bg"]
[Black "Cubanauta"]
[Result "1-0"]
[WhiteElo "1658"]
[BlackElo "1698"]

1. e4 e5 2. d4 exd4 3. c3 dxc3 4. Bc4 cxb2 5. Bxb2 a6 6. Nc3 Bb4 7. Bxf7+ Kxf7
8. Qb3+ Ke8 9. Qxb4 Nc6 10. Qc4 Ne5 11. Qd4 Qf6 12. Nd5 Nd3+ 13. Qxd3 Qxb2 14.
Rd1 Qe5 15. Nf3 Qe6 16. Nxc7+ 1-0

[Event "AUTO-INT-2681"]
[Site "http://www.queenalice.com/game.php?id=1200266"]
[Date "2013.7.16"]
[Round "1"]
[White "Igor2000"]
[Black "bg"]
[Result "1-0"]
[WhiteElo "1699"]
[BlackElo "1811"]

1. e4 e5 2. Nf3 Nc6 3. d4 exd4 4. Nxd4 Nxd4 5. Qxd4 d6 6. Bc4 Qh4 7. Nc3 Nf6 8.
Be3 Be7 9. Nb5 O-O 10. O-O Bd7 11. Nxc7 Rac8 12. Nd5 Nxd5 13. Bxd5 b6 14. g3 Qh5
15. Bd2 Bf6 16. Qe3 Bxb2 17. Rab1 Ba3 18. Qxa3 Rc5 19. Qxa7 Bh3 20. Qa3 Bxf1 21.
Rxf1 Rfc8 22. Rc1 Qe2 23. Be3 h5 24. Bxc5 bxc5 25. Qb3 Qf3 26. Qb7 Rd8 27. Qc7
Qf6 28. a4 h4 29. a5 h3 30. a6 Rf8 31. a7 Qf3 32. Kf1 Qg2+ 33. Ke2 Qxh2 34. e5
1-0

[Event "AUTO-INT-2681"]
[Site "http://www.queenalice.com/game.php?id=1200267"]
[Date "2013.7.16"]
[Round "1"]
[White "bg"]
[Black "Igor2000"]
[Result "1-0"]
[WhiteElo "1680"]
[BlackElo "1770"]

1. e4 c5 2. f4 d5 3. exd5 Nf6 4. Nf3 Nxd5 5. Bc4 e6 6. O-O Nxf4 7. Ne5 Qd4+ 8.
Kh1 Qxe5 9. Qf3 Bd6 10. d4 cxd4 11. Bxf4 Qc5 12. Bxd6 Qxd6 13. Qxf7+ Kd8 14. Na3
Nc6 15. Nb5 Qe5 16. Rae1 Qg5 17. Bxe6 Bxe6 18. Qxe6 a6 19. Qd6+ Kc8 20. Qc7# 1-0

[Event "Chess Game"]
[Site "http://www.queenalice.com/game.php?id=1202229"]
[Date "2013.7.24"]
[Round "-"]
[White "bg"]
[Black "GKCaruanaPetrosian"]
[Result "1-0"]
[WhiteElo "1811"]
[BlackElo "1640"]

1. e4 e5 2. d4 exd4 3. c3 d5 4. Qxd4 dxe4 5. Qxd8+ Kxd8 6. Bc4 f5 7. Ne2 Nf6 8.
Bf4 Nbd7 9. O-O Bc5 10. Nd2 Ke7 11. Bxc7 b6 12. Nb3 Bb7 13. Nf4 Rac8 14. Be5
Nxe5 15. Be2 Bd6 16. Nd4 g6 17. Nfe6 Bd5 18. Ng5 h6 19. Nh3 Rcg8 20. f4 exf3 21.
Bxf3 Nxf3+ 22. gxf3 1-0

[Event "AUTO-INT-2688"]
[Site "http://www.queenalice.com/game.php?id=1202574"]
[Date "2013.7.26"]
[Round "1"]
[White "bg"]
[Black "marcomasao"]
[Result "1-0"]
[WhiteElo "1799"]
[BlackElo "1697"]

1. e4 e5 2. d4 exd4 3. c3 dxc3 4. Bc4 cxb2 5. Bxb2 Bc5 6. Bxg7 Nf6 7. Bxh8 Nxe4
8. Bd4 Bb4+ 9. Kf1 Nc6 10. Bxf7+ Kxf7 11. Qh5+ Ke6 12. Bb2 Qf8 13. Qg4+ Qf5 14.
Qxf5+ Kxf5 15. g4+ Kg6 16. f4 Bc5 17. Nh3 d6 18. f5+ Kf7 19. Nc3 Nf6 20. Nf2 b5
21. Nce4 Nd5 22. Nxc5 dxc5 23. Kg2 Bd7 24. Nd3 Rg8 25. Kf3 c4 26. Ne5+ Ke7 27.
Rhe1 Kd8 28. Nxc6+ Bxc6 29. Kg3 Nb4 30. Bf6+ Kc8 31. Re6 Kb7 32. g5 Bd7 33. Re5
h6 34. h4 Nd3 35. Rd5 Bc6 36. Rd8 Be8 37. Rd1 hxg5 38. Bxg5 a6 39. Rd2 Kc6 40.
f6 Ne5 41. Re2 Nd3 42. Rexe8 Rg6 43. f7 Rd6 44. f8=Q c3 45. Rxd6+ cxd6 46. Rc8+
Kb6 47. Qxd6+ Ka5 48. Qxd3 b4 49. Bd8+ Ka4 50. Qc2+ Ka3 51. Qb3# 1-0

[Event "AUTO-INT-2688"]
[Site "http://www.queenalice.com/game.php?id=1202575"]
[Date "2013.7.26"]
[Round "1"]
[White "marcomasao"]
[Black "bg"]
[Result "0-1"]
[WhiteElo "1693"]
[BlackElo "1745"]

1. e4 e5 2. Bc4 Be7 3. Qf3 Nf6 4. Nh3 d6 5. Ng5 O-O 6. d3 Nbd7 7. a3 Nb6 8. Bd2
Bg4 9. Qg3 Nxc4 10. dxc4 Qd7 11. h3 Be6 12. b3 Nh5 13. Qh4 Bxg5 14. Bxg5 Nf6 15.
Bxf6 gxf6 16. Qxf6 Qd8 17. Qh6 Kh8 18. Nd2 Rg8 19. Nf3 Rg6 20. Qh5 Qd7 21. Nh4
Rg7 22. Nf5 Bxf5 23. exf5 Rxg2 24. Qf3 Rag8 25. Qxb7 Qxf5 26. Rf1 Qxc2 27. Qxc7
Qc3+ 28. Ke2 Qb2+ 29. Ke3 Qd4+ 30. Ke2 Qb2+ 31. Kf3 Qxb3+ 32. Ke4 Qc2+ 33. Kd5
Qd3+ 34. Kc6 Qxc4+ 35. Kb7 Qb5+ 36. Kxa7 R2g7 37. Rab1 Qa4+ 38. Kb6 Qd4+ 39. Ka5
Ra8+ 40. Kb5 Qa4+ 0-1

[Event "AUTO-INT-2688"]
[Site "http://www.queenalice.com/game.php?id=1202576"]
[Date "2013.7.26"]
[Round "1"]
[White "bg"]
[Black "tche_elvio"]
[Result "1-0"]
[WhiteElo "1700"]
[BlackElo "1571"]

1. e4 e5 2. d4 c6 3. Bc4 d5 4. exd5 exd4 5. Nf3 Bg4 6. Be2 Bd6 7. Qxd4 Nf6 8.
Bg5 Qa5+ 9. Nc3 O-O 10. O-O Nxd5 11. Qxg4 Nxc3 12. bxc3 Qxc3 13. Bd3 Nd7 14. Qh4
Qc5 15. Qxh7# 1-0

[Event "AUTO-INT-2688"]
[Site "http://www.queenalice.com/game.php?id=1202577"]
[Date "2013.7.26"]
[Round "1"]
[White "tche_elvio"]
[Black "bg"]
[Result "0-1"]
[WhiteElo "1545"]
[BlackElo "1712"]

1. d4 d5 2. c4 e6 3. Nc3 Nf6 4. Bg5 Be7 5. c5 O-O 6. g3 b6 7. Bg2 bxc5 8. e4 c6
9. Qc2 Na6 10. a3 cxd4 11. Na4 Ng4 12. Bxe7 Qxe7 13. exd5 exd5+ 14. Ne2 Re8 15.
b4 Nc7 16. Ra2 Ba6 17. O-O d3 18. Qd2 dxe2 19. Re1 Bc4 20. Rb2 Qf6 21. Qd4 Ne5
22. Nc3 Nf3+ 23. Bxf3 Qxd4 24. Bxe2 Qxc3 0-1

[Event "AUTO-INT-2688"]
[Site "http://www.queenalice.com/game.php?id=1202578"]
[Date "2013.7.26"]
[Round "1"]
[White "bg"]
[Black "santanacampos"]
[Result "1-0"]
[WhiteElo "1704"]
[BlackElo "1701"]

1. e4 e6 2. Nf3 Be7 3. d4 Nf6 4. Bd3 O-O 5. O-O d5 6. e5 Nfd7 7. Ne1 c5 8. c3 c4
9. Bc2 Bg5 10. f4 Bh4 11. Qf3 Bxe1 12. Rxe1 f5 13. Na3 a6 14. Bd2 g6 15. Qh3 Qb6
16. Rab1 Qd8 17. b3 cxb3 18. Bxb3 b5 19. Bd1 Qe7 20. Bc1 Nb6 21. Nc2 h5 22. Ba3
Qc7 23. Bxf8 Kxf8 24. Qh4 N8d7 25. Qg3 Kg7 26. Bxh5 Nf8 27. Be2 Na4 28. Rb3 Rb8
29. Reb1 b4 30. Nxb4 a5 31. Nc2 Rxb3 32. Rxb3 Nb6 33. Na3 Bd7 34. Bb5 Bxb5 35.
Nxb5 Qc4 36. Qf2 a4 37. Nd6 Qc6 38. Rb4 Nc4 39. Qh4 Nxd6 40. exd6 Qxc3 41. Rb7+
Kg8 42. h3 Qxd4+ 43. Kh2 Qc5 44. Qe7 d4 45. Qg7# 1-0

[Event "AUTO-INT-2688"]
[Site "http://www.queenalice.com/game.php?id=1202579"]
[Date "2013.7.26"]
[Round "1"]
[White "santanacampos"]
[Black "bg"]
[Result "1-0"]
[WhiteElo "1684"]
[BlackElo "1721"]

1. Nc3 d5 2. d4 Nf6 3. Bg5 Bf5 4. Bxf6 exf6 5. e3 Bb4 6. Ne2 Nd7 7. a3 Ba5 8. b4
Bb6 9. Nxd5 O-O 10. h4 c6 11. Nxb6 Nxb6 12. g3 Re8 13. Bh3 Qd5 14. Rh2 Nc4 15.
c3 Nb2 16. Qd2 Nd3+ 17. Kf1 Qd7 18. Bxf5 Qxf5 19. c4 Rad8 20. Nf4 Nxf4 21. gxf4
Qg4 22. h5 Kh8 23. c5 b6 24. cxb6 axb6 25. Qc2 Re6 26. h6 g5 27. fxg5 fxg5 28.
Rg2 Qh3 29. Qc3 f6 30. a4 Rde8 31. Re1 Qxh6 32. b5 Qh1+ 33. Rg1 Qf3 34. bxc6
Rxc6 35. Qb3 Rec8 36. Rg3 Qh5 37. d5 Rd6 38. e4 Qf7 39. Rh3 h5 40. Qb2 g4 41.
Rb3 Qc7 42. e5 Rxd5 43. exf6 Qf7 44. Rxb6 h4 45. Rb7 Rc7 46. Rxc7 Qxc7 47. f7+
1-0

[Event "AUTO-INT-2689"]
[Site "http://www.queenalice.com/game.php?id=1203146"]
[Date "2013.7.28"]
[Round "1"]
[White "Lopesq"]
[Black "bg"]
[Result "0-1"]
[WhiteElo "1760"]
[BlackElo "1784"]

1. Nf3 Nc6 2. d4 d5 3. c3 Bf5 4. Nbd2 e6 5. e3 Nf6 6. Bb5 Bd6 7. Qa4 Qd7 8. Ne5
Bxe5 9. dxe5 Ng4 10. Nf3 a6 11. Bxc6 bxc6 12. h3 Nh6 13. Bd2 Bd3 14. Nd4 Bb5 15.
Nxb5 cxb5 16. Qf4 O-O-O 17. O-O Nf5 18. a3 h6 19. Rad1 g5 20. Qb4 h5 21. Qa5 Qc6
22. Rc1 g4 23. hxg4 hxg4 24. c4 dxc4 25. b3 Rh7 26. bxc4 Rdh8 27. f4 g3 28.
Qxa6+ Qxa6 29. cxb5 Rh1# 0-1

[Event "AUTO-INT-2689"]
[Site "http://www.queenalice.com/game.php?id=1203147"]
[Date "2013.7.28"]
[Round "1"]
[White "bg"]
[Black "Lopesq"]
[Result "1-0"]
[WhiteElo "1820"]
[BlackElo "1766"]

1. e4 d5 2. exd5 Qxd5 3. Nc3 Qe5+ 4. Be2 c6 5. Nf3 Qc7 6. O-O e6 7. d4 Nf6 8.
Ne5 Be7 9. Bf4 Qd8 10. Be3 Nbd7 11. f4 Qb6 12. Rb1 Nd5 13. Nxd5 cxd5 14. Qd3 a6
15. f5 O-O 16. c4 Nf6 17. c5 Qd8 18. b4 Ne4 19. Bf3 Nf6 20. Be2 exf5 21. c6 bxc6
22. Nxc6 Qd7 23. Ne5 Qe6 24. Rxf5 Qxf5 25. Qb3 Qe6 26. Rc1 Ne4 27. Rc6 Qf5 28.
Bg4 Qxg4 29. Nxg4 Bxg4 30. Qxd5 Nf6 31. Qc4 Bd7 32. Rc7 Bb5 33. Qc1 Bd6 34. Rc2
Ng4 35. g3 Bxb4 36. Bf4 Nf6 37. Be5 Nd5 38. Qb2 Ba5 39. Rc5 Nb4 40. Bxg7 Nd3 41.
Qe2 Nxc5 42. Qg4 f5 43. Qg5 Rf7 44. Bh6+ Kh8 45. dxc5 Rg8 46. Qh5 Bc4 47. Qd1
Bb4 48. Qd4+ 1-0

[Event "AUTO-INT-2689"]
[Site "http://www.queenalice.com/game.php?id=1203160"]
[Date "2013.7.28"]
[Round "1"]
[White "Fquita"]
[Black "bg"]
[Result "1-0"]
[WhiteElo "2152"]
[BlackElo "1778"]

1. c4 e5 2. Nc3 Nf6 3. e4 Bc5 4. h3 d6 5. g3 Be6 6. d3 Nbd7 7. Bg2 O-O 8. Nge2
Ne8 9. O-O c6 10. Kh2 f5 11. f4 Qb6 12. Na4 Qc7 13. b3 b5 14. exf5 Bxf5 15. cxb5
Nb8 16. Nxc5 dxc5 17. Bb2 e4 18. dxe4 Be6 19. bxc6 Nxc6 20. Qc2 Qb6 21. Ba3 Nb4
22. Bxb4 cxb4 23. Rac1 a5 24. Qc6 Qxc6 25. Rxc6 Bd7 26. Rc2 Bb5 27. Rd1 Nf6 28.
e5 Rae8 29. Nd4 Ba6 30. exf6 Rxf6 31. Rc6 Rxc6 32. Bxc6 Rd8 33. Rd2 Bc8 34. Nf3
1-0

[Event "AUTO-INT-2689"]
[Site "http://www.queenalice.com/game.php?id=1203161"]
[Date "2013.7.28"]
[Round "1"]
[White "bg"]
[Black "Fquita"]
[Result "0-1"]
[WhiteElo "1801"]
[BlackElo "2196"]

1. e4 c5 2. f4 d5 3. exd5 Nf6 4. Nf3 Nxd5 5. Bc4 Nxf4 6. O-O e6 7. Ne5 Qd4+ 8.
Kh1 Qxe5 9. d4 Qxd4 10. Qxd4 cxd4 11. Rxf4 Nc6 12. Bb5 e5 13. Re4 f6 14. Nd2 Bd7
15. c3 dxc3 16. bxc3 O-O-O 17. a4 a6 18. Be2 Be6 19. Nc4 Bd5 20. Nb6+ Kc7 21.
Nxd5+ Rxd5 22. Be3 Rd8 23. a5 f5 24. Rc4 Rd5 25. Bb6+ Kd7 26. Bd1 Bd6 27. Ba4
Rc8 28. h3 Bc7 29. Rb1 Bxb6 30. Rxb6 Rc7 31. Rxb7 Rd6 32. Rxc7+ Kxc7 33. Kh2 g6
34. Kg3 Kb7 35. Kh4 Nxa5 36. Rc5 Nc6 37. Kg5 e4 38. Kf4 Kb6 39. Kg5 e3 0-1

[Event "AUTO-INT-2689"]
[Site "http://www.queenalice.com/game.php?id=1203170"]
[Date "2013.7.28"]
[Round "1"]
[White "bg"]
[Black "BBOM"]
[Result "0-1"]
[WhiteElo "1711"]
[BlackElo "1530"]

1. e4 e5 2. d4 exd4 3. c3 dxc3 4. Bc4 cxb2 5. Bxb2 Qg5 6. Qf3 Bb4+ 7. Nc3 Nc6 8.
Nh3 Qg6 9. O-O Nd4 10. Qd3 c5 11. Nd5 Ne6 12. Nhf4 Nxf4 13. Nxf4 Qg5 14. Nd5 Bd2
15. Nc7+ Kd8 16. Nxa8 f6 17. Qd6 Bf4 18. Nc7 Bxd6 19. Nb5 Bb8 20. Rad1 a6 21.
Nc3 Qe5 22. Na4 Qxh2# 0-1

[Event "AUTO-INT-2689"]
[Site "http://www.queenalice.com/game.php?id=1203171"]
[Date "2013.7.28"]
[Round "1"]
[White "BBOM"]
[Black "bg"]
[Result "0-1"]
[WhiteElo "1557"]
[BlackElo "1688"]

1. e4 e5 2. Qh5 Nc6 3. Bb5 Nf6 4. Qf3 Nd4 5. Qd3 Bc5 6. c3 Nxb5 7. a4 Nd6 8. Nf3
a5 9. Nxe5 O-O 10. Nf3 Ndxe4 11. g4 Nxf2 12. Qf1 Re8+ 13. Qe2 Rxe2+ 14. Kxe2
Qe8+ 15. Kf1 Nxh1 16. d4 Ba7 17. Kg1 Qe2 18. Kxh1 Qxf3+ 19. Kg1 Qd1+ 20. Kg2
Qxc1 21. b4 Qb2+ 0-1

[Event "AUTO-INT-2633"]
[Site "http://www.queenalice.com/game.php?id=1211401"]
[Date "2013.8.25"]
[Round "2"]
[White "fisionboy"]
[Black "bg"]
[Result "1-0"]
[WhiteElo "1840"]
[BlackElo "1829"]

1. d4 d5 2. c4 e6 3. Nf3 Nf6 4. Nc3 c5 5. e3 Be7 6. Be2 Nbd7 7. O-O O-O 8. Qb3
Nb6 9. Ne5 Ne4 10. cxd5 Nxc3 11. bxc3 f6 12. Nf3 Nxd5 13. Ba3 Qa5 14. Rac1 a6
15. Bc4 Kh8 16. Bb2 cxd4 17. cxd4 Nc7 18. Rfd1 e5 19. dxe5 Bg4 20. exf6 Bxf6 21.
Rd7 Bxf3 22. gxf3 Nb5 23. Kh1 Qb6 24. Bd5 Rab8 25. Rcc7 Nxc7 26. Qxb6 1-0

[Event "AUTO-INT-2633"]
[Site "http://www.queenalice.com/game.php?id=1211402"]
[Date "2013.8.25"]
[Round "2"]
[White "bg"]
[Black "fisionboy"]
[Result "0-1"]
[WhiteElo "1788"]
[BlackElo "1926"]

1. e4 c6 2. d4 d5 3. e5 Bf5 4. Nf3 e6 5. Bd3 Bxd3 6. Qxd3 Ne7 7. O-O Nf5 8. Be3
Be7 9. Nbd2 O-O 10. c4 dxc4 11. Qxc4 Nd7 12. Rad1 Nb6 13. Qc3 Nd5 14. Qc2 Nfxe3
15. fxe3 Nxe3 16. Qe4 Nxf1 17. Rxf1 Qb6 18. b3 Rad8 19. Nc4 Qc7 20. Qg4 b5 21.
Ncd2 Qb6 22. Ne4 h6 23. Nf6+ Bxf6 24. exf6 g6 25. Kh1 Rd5 26. h4 Qd8 27. Ne5
Rxd4 28. Qg3 Kh7 29. Nxc6 Rd3 30. Qf4 Qb6 31. Ne5 Rd5 32. Rc1 Qd4 33. Qxd4 Rxd4
34. Nc6 Rxh4+ 0-1

[Event "AUTO-INT-2679"]
[Site "http://www.queenalice.com/game.php?id=1249889"]
[Date "2014.1.20"]
[Round "2"]
[White "daniel0176"]
[Black "bg"]
[Result "0-1"]
[WhiteElo "1690"]
[BlackElo "1812"]

1. d4 d5 2. Nc3 Bf5 3. h3 Nf6 4. e3 e6 5. Nf3 Bd6 6. Bd3 Bg6 7. Bxg6 fxg6 8. O-O
O-O 9. a3 Nbd7 10. Nb5 Be7 11. b4 Ne4 12. Bd2 a6 13. Nc3 Ndf6 14. Nxe4 Nxe4 15.
Re1 Ng5 16. Ne5 Qe8 17. Qg4 Bf6 18. Rab1 Ne4 19. Nf3 Qc6 20. Rbc1 Rae8 21. c3
Qa4 22. Ra1 Qc2 23. Rac1 Qb2 24. a4 Nxd2 25. Nxd2 Qxd2 26. Red1 Qa2 27. Ra1 Qc4
28. Rac1 Qc6 29. Qe2 Qc4 30. Qc2 b6 31. b5 a5 32. e4 dxe4 33. Re1 Bg5 34. Rcd1
Rf4 35. Rxe4 Rxe4 36. Qxe4 Qd5 37. Qg4 Bf6 38. Qg3 e5 39. h4 Qd6 40. h5 exd4 41.
Qg4 Be5 42. g3 Qf6 43. hxg6 Rf8 44. Rf1 Qxg6 45. Qxg6 hxg6 46. f4 Bf6 47. cxd4
Bxd4+ 48. Kh1 g5 49. Kh2 gxf4 0-1

[Event "AUTO-INT-2679"]
[Site "http://www.queenalice.com/game.php?id=1249890"]
[Date "2014.1.20"]
[Round "2"]
[White "bg"]
[Black "daniel0176"]
[Result "1-0"]
[WhiteElo "1799"]
[BlackElo "1713"]

1. e4 d5 2. exd5 Qxd5 3. d4 Nc6 4. Nf3 h6 5. Nc3 Qd8 6. Bf4 a6 7. Be2 Nf6 8. O-O
e6 9. Re1 Bb4 10. a3 Bxc3 11. bxc3 O-O 12. Ne5 Nxe5 13. Bxe5 Re8 14. Bg4 b5 15.
Qf3 Bd7 16. Qf4 Nd5 17. Qd2 Rb8 18. Bf3 a5 19. Bxd5 exd5 20. Re3 Qg5 21. Qd3 Bf5
22. Qd1 Rbc8 23. Rg3 Qe7 24. Rxg7+ Kf8 25. Qh5 Qe6 26. Re1 Ke7 27. f3 Kd7 28.
Rxf7+ Re7 29. Rxf5 Rg7 30. Bg3 Qg8 31. Rxd5+ Kc6 32. Rc5+ Kb7 33. Rxb5+ Ka6 34.
Rxa5+ Kb7 35. Qb5# 1-0

[Event "AUTO-INT-2679"]
[Site "http://www.queenalice.com/game.php?id=1249894"]
[Date "2014.1.20"]
[Round "2"]
[White "TheAvenger"]
[Black "bg"]
[Result "0-1"]
[WhiteElo "1681"]
[BlackElo "1789"]

1. e4 e5 2. f4 d6 3. Bc4 Nf6 4. Nc3 Be6 5. Bxe6 fxe6 6. fxe5 dxe5 7. d3 Bd6 8.
Nf3 Nbd7 9. Bg5 O-O 10. O-O Qe8 0-1